[Event "escc2023_65"]
[Site "?"]
[Date "2023.05.30"]
[Round "5.20"]
[White "Van Herck, Marcel"]
[Black "Segal, Yosef"]
[Result "1-0"]
[BlackElo "1834"]
[WhiteElo "2009"]
[LiveChessVersion "1.4.8"]

1. e4 {[%clk 1:30:43]} c5 {[%clk 1:30:52]} 2. Nf3 {[%clk 1:31:06]} e6
{[%clk 1:31:15]} 3. d4 {[%clk 1:31:30]} cxd4 {[%clk 1:31:37]} 4. Nxd4
{[%clk 1:31:54]} a6 {[%clk 1:32:01]} 5. Bd3 {[%clk 1:28:14]} g6 {[%clk 1:32:19]}
6. Be3 {[%clk 1:20:03]} b5 {[%clk 1:32:09]} 7. O-O {[%clk 1:18:15]} Bb7
{[%clk 1:31:50]} 8. Nd2 {[%clk 1:17:07]} Bg7 {[%clk 1:31:28]} 9. a4
{[%clk 1:12:12]} b4 {[%clk 1:27:35]} 10. a5 {[%clk 1:09:39]} Ne7 {[%clk 1:24:50]}
11. Nc4 {[%clk 1:08:31]} d5 {[%clk 1:21:54]} 12. exd5 Nxd5 13. Nb3 Nxe3
{[%clk 1:14:47]} 14. fxe3 {[%clk 1:06:06]} Qc7 {[%clk 1:11:21]} 15. Qd2
{[%clk 1:05:08]} O-O {[%clk 1:11:06]} 16. Qxb4 {[%clk 1:04:48]} Nd7
{[%clk 1:08:53]} 17. Qd6 {[%clk 1:01:02]} Rfc8 {[%clk 1:06:22]} 18. Qxc7
{[%clk 0:56:11]} Rxc7 {[%clk 1:06:34]} 19. c3 {[%clk 0:53:53]} Bd5
{[%clk 1:05:50]} 20. Nbd2 {[%clk 0:53:53]} Nc5 {[%clk 1:04:26]} 21. Be2
{[%clk 0:54:08]} Bh6 {[%clk 1:04:11]} 22. Kf2 {[%clk 0:50:54]} Nb3
{[%clk 0:55:44]} 23. Nxb3 {[%clk 0:50:58]} Bxc4 {[%clk 0:53:24]} 24. Nd2
{[%clk 0:47:43]} Bd5 {[%clk 0:51:22]} 25. Rfc1 {[%clk 0:39:12]} Bg7
{[%clk 0:50:23]} 26. e4 {[%clk 0:36:41]} Bb7 {[%clk 0:49:11]} 27. Ra4
{[%clk 0:35:45]} Rb8 {[%clk 0:46:14]} 28. Rb4 {[%clk 0:30:36]} Bf8
{[%clk 0:44:38]} 29. Rc4 {[%clk 0:30:13]} Rxc4 {[%clk 0:44:33]} 30. Bxc4
{[%clk 0:30:27]} Bh6 {[%clk 0:44:29]} 31. Rd1 {[%clk 0:28:19]} Rc8
{[%clk 0:39:57]} 32. Bd3 {[%clk 0:21:37]} Bxd2 33. Rxd2 Rc5 {[%clk 0:38:44]} 34.
Ke3 {[%clk 0:21:32]} Rxa5 {[%clk 0:39:02]} 35. b4 {[%clk 0:20:38]} Ra3
{[%clk 0:38:35]} 36. Kd4 {[%clk 0:19:06]} e5+ {[%clk 0:38:22]} 37. Kc4
{[%clk 0:19:20]} Bc6 {[%clk 0:37:31]} 38. Kc5 {[%clk 0:19:42]} Rxc3+
{[%clk 0:37:54]} 39. Kb6 {[%clk 0:20:10]} Bb5 {[%clk 0:36:33]} 40. Bxb5
{[%clk 0:20:35]} axb5 {[%clk 0:36:33]} 41. Kxb5 {[%clk 0:16:31]} Re3
{[%clk 0:35:39]} 42. Rb2 {[%clk 0:16:10]} Rxe4 {[%clk 0:28:11]} 43. Kc5
{[%clk 0:16:20]} Kf8 {[%clk 0:27:01]} 44. b5 {[%clk 0:16:37]} Re1
{[%clk 0:22:17]} 45. b6 {[%clk 0:15:54]} Rc1+ {[%clk 0:21:58]} 46. Kd5
{[%clk 0:16:04]} 1-0

[Event "escc2023_65"]
[Site "?"]
[Date "2023.05.30"]
[Round "5.21"]
[White "Hinteregger, Arthur"]
[Black "Bohlin, Jan"]
[Result "1/2-1/2"]
[BlackElo "1814"]
[WhiteElo "2000"]
[LiveChessVersion "1.4.8"]

1. e4 {[%clk 1:30:47]} c5 {[%clk 1:30:56]} 2. Nf3 {[%clk 1:30:59]} Nc6
{[%clk 1:31:18]} 3. Bb5 {[%clk 1:30:33]} g6 {[%clk 1:31:39]} 4. Bxc6
{[%clk 1:29:21]} dxc6 {[%clk 1:32:04]} 5. O-O {[%clk 1:29:07]} Bg7
{[%clk 1:32:19]} 6. h3 {[%clk 1:28:46]} Nf6 {[%clk 1:31:20]} 7. d3
{[%clk 1:27:20]} O-O {[%clk 1:23:17]} 8. Re1 {[%clk 1:26:55]} b6 {[%clk 1:20:52]}
9. Nc3 {[%clk 1:24:42]} Ne8 {[%clk 1:14:47]} 10. Bf4 {[%clk 1:18:09]} Nc7
{[%clk 1:12:36]} 11. Bg3 {[%clk 1:12:07]} Ne6 {[%clk 1:10:24]} 12. a4
{[%clk 1:07:37]} a5 {[%clk 1:09:34]} 13. Ne5 {[%clk 1:01:50]} Nd4
{[%clk 0:57:45]} 14. Ne2 {[%clk 0:52:23]} Nxe2+ {[%clk 0:52:44]} 15. Qxe2
{[%clk 0:52:07]} f6 {[%clk 0:45:03]} 16. Nc4 {[%clk 0:46:25]} e5 {[%clk 0:44:16]}
17. f4 {[%clk 0:43:25]} b5 {[%clk 0:34:12]} 18. Ne3 {[%clk 0:37:54]} Be6
{[%clk 0:32:05]} 19. fxe5 {[%clk 0:37:40]} fxe5 {[%clk 0:32:24]} 20. b3
{[%clk 0:28:06]} Qg5 {[%clk 0:25:41]} 21. Kh2 {[%clk 0:25:34]} Ra7
{[%clk 0:20:45]} 22. axb5 {[%clk 0:24:16]} cxb5 {[%clk 0:21:02]} 23. Nd5
{[%clk 0:24:06]} Bxd5 {[%clk 0:14:54]} 24. exd5 {[%clk 0:24:28]} e4
{[%clk 0:14:26]} 25. Ra2 {[%clk 0:23:52]} Qxd5 {[%clk 0:13:30]} 26. Qxe4
{[%clk 0:23:15]} Qd4 {[%clk 0:12:20]} 27. Qe6+ {[%clk 0:20:53]} Kh8
{[%clk 0:12:22]} 28. Be5 {[%clk 0:20:01]} Bxe5+ {[%clk 0:12:02]} 29. Qxe5+
{[%clk 0:19:44]} Qxe5+ {[%clk 0:12:13]} 30. Rxe5 {[%clk 0:20:03]} Rc8
{[%clk 0:08:50]} 31. Kg3 {[%clk 0:17:19]} a4 {[%clk 0:06:22]} 32. bxa4
{[%clk 0:17:28]} bxa4 {[%clk 0:04:56]} 33. Re4 {[%clk 0:17:27]} a3
{[%clk 0:04:04]} 34. Rc4 {[%clk 0:17:29]} Rb8 {[%clk 0:03:30]} 35. Rc3
{[%clk 0:17:37]} Rb2 {[%clk 0:03:31]} 36. Raxa3 {[%clk 0:17:58]} Rxc2
{[%clk 0:03:49]} 1/2-1/2

[Event "escc2023_65"]
[Site "?"]
[Date "2023.05.30"]
[Round "5.22"]
[White "Patola, Eero"]
[Black "Stokes, Michael"]
[Result "1-0"]
[BlackElo "1973"]
[WhiteElo "1783"]
[LiveChessVersion "1.4.8"]

1. e4 {[%clk 1:30:51]} e5 {[%clk 1:30:55]} 2. c4 {[%clk 1:30:56]} Nc6
{[%clk 1:31:20]} 3. Nc3 {[%clk 1:31:19]} Bc5 {[%clk 1:31:44]} 4. g3
{[%clk 1:31:34]} d6 {[%clk 1:32:00]} 5. Bg2 {[%clk 1:31:45]} Be6 {[%clk 1:31:44]}
6. d3 {[%clk 1:31:53]} Nge7 {[%clk 1:31:35]} 7. Nge2 {[%clk 1:31:49]} Qd7
{[%clk 1:31:42]} 8. h3 {[%clk 1:30:55]} h5 {[%clk 1:31:26]} 9. Nd5
{[%clk 1:30:48]} Nd4 {[%clk 1:31:17]} 10. Nxd4 {[%clk 1:29:53]} Bxd4
{[%clk 1:31:38]} 11. Rb1 {[%clk 1:29:08]} Ng6 {[%clk 1:30:19]} 12. Be3
{[%clk 1:28:23]} c6 {[%clk 1:29:42]} 13. Bxd4 {[%clk 1:26:45]} exd4
{[%clk 1:29:43]} 14. Nf4 {[%clk 1:26:22]} Nxf4 {[%clk 1:29:13]} 15. gxf4
{[%clk 1:26:37]} f5 {[%clk 1:27:12]} 16. Bf3 {[%clk 1:22:27]} O-O-O
{[%clk 1:25:00]} 17. h4 {[%clk 1:19:42]} Kb8 {[%clk 1:23:58]} 18. b4
{[%clk 1:18:47]} fxe4 {[%clk 1:23:11]} 19. Bxe4 {[%clk 1:18:08]} d5
{[%clk 1:20:44]} 20. cxd5 {[%clk 1:16:01]} Bxd5 {[%clk 1:19:54]} 21. a4
{[%clk 1:14:44]} Rde8 {[%clk 1:17:06]} 22. f3 {[%clk 1:13:57]} Qf5
{[%clk 1:13:36]} 23. Qd2 {[%clk 1:10:48]} Rhf8 {[%clk 1:11:03]} 24. Kf2
{[%clk 1:07:47]} Bxe4 {[%clk 1:10:22]} 25. dxe4 {[%clk 1:07:11]} Qxf4
{[%clk 1:09:53]} 26. Qxf4+ {[%clk 1:07:00]} Rxf4 {[%clk 1:10:17]} 27. Kg3
{[%clk 1:06:57]} Rf6 {[%clk 1:07:13]} 28. Rhd1 {[%clk 1:01:48]} Rd6
{[%clk 1:07:31]} 29. Rd3 {[%clk 1:00:55]} b6 {[%clk 1:07:33]} 30. Rc1
{[%clk 0:58:10]} Kc7 {[%clk 1:05:05]} 31. Rc4 {[%clk 0:57:52]} Red8
{[%clk 1:05:06]} 32. f4 {[%clk 0:56:44]} a6 {[%clk 1:00:48]} 33. f5
{[%clk 0:55:59]} b5 {[%clk 1:00:26]} 34. axb5 {[%clk 0:55:37]} axb5
{[%clk 1:00:52]} 35. Rc5 {[%clk 0:54:48]} g6 {[%clk 0:44:39]} 36. e5
{[%clk 0:48:41]} Rd5 {[%clk 0:45:01]} 37. Rxd5 {[%clk 0:41:40]} Rxd5
{[%clk 0:42:45]} 38. fxg6 {[%clk 0:40:38]} Rxe5 {[%clk 0:42:51]} 39. Kf4
{[%clk 0:39:21]} Re8 {[%clk 0:37:30]} 40. Rxd4 {[%clk 0:38:46]} c5
{[%clk 0:37:26]} 41. bxc5 {[%clk 0:36:47]} Kc6 {[%clk 0:37:43]} 42. Kf5
{[%clk 0:34:10]} Kxc5 {[%clk 0:35:13]} 43. Rd1 {[%clk 0:32:31]} b4
{[%clk 0:32:17]} 44. g7 {[%clk 0:30:17]} b3 {[%clk 0:31:52]} 45. Kf6
{[%clk 0:30:22]} b2 {[%clk 0:29:46]} 46. Kf7 {[%clk 0:29:16]} Rb8
{[%clk 0:29:11]} 47. g8=Q {[%clk 0:26:42]} b1=Q {[%clk 0:28:29]} 48. Qg1+
{[%clk 0:26:15]} 1-0

[Event "escc2023_65"]
[Site "?"]
[Date "2023.05.30"]
[Round "5.23"]
[White "Goli, Daniele"]
[Black "Idesis, Yaacov"]
[Result "1-0"]
[BlackElo "1780"]
[WhiteElo "1971"]
[LiveChessVersion "1.4.8"]

1. Nf3 {[%clk 1:30:55]} Nf6 {[%clk 1:30:50]} 2. d4 {[%clk 1:31:19]} d5
{[%clk 1:31:11]} 3. g3 {[%clk 1:31:40]} c6 {[%clk 1:31:33]} 4. Bg2
{[%clk 1:32:03]} Bf5 {[%clk 1:31:54]} 5. O-O {[%clk 1:32:08]} e6 {[%clk 1:32:15]}
6. c4 {[%clk 1:30:27]} h6 {[%clk 1:32:25]} 7. Nc3 {[%clk 1:29:15]} Be7
{[%clk 1:32:37]} 8. Ne5 {[%clk 1:29:06]} O-O {[%clk 1:32:48]} 9. Qb3
{[%clk 1:27:32]} Qc8 {[%clk 1:32:06]} 10. h3 {[%clk 1:26:48]} Nbd7
{[%clk 1:32:25]} 11. g4 {[%clk 1:26:10]} Bh7 {[%clk 1:32:39]} 12. Bf4
{[%clk 1:25:51]} Nxe5 {[%clk 1:32:49]} 13. dxe5 {[%clk 1:25:36]} Nd7
{[%clk 1:32:59]} 14. cxd5 {[%clk 1:25:01]} exd5 {[%clk 1:33:15]} 15. Rac1
{[%clk 1:23:04]} Nc5 {[%clk 1:29:21]} 16. Qd1 {[%clk 1:22:37]} Qd7
{[%clk 1:28:33]} 17. Bg3 {[%clk 1:22:31]} Rad8 {[%clk 1:27:05]} 18. Qd4
{[%clk 1:09:14]} b6 {[%clk 1:24:35]} 19. Rfd1 {[%clk 1:08:28]} Qb7
{[%clk 1:19:17]} 20. e3 {[%clk 1:04:50]} Ne6 {[%clk 1:15:01]} 21. Qa4
{[%clk 1:02:14]} Nc5 {[%clk 1:14:49]} 22. Qd4 {[%clk 1:02:33]} Ne6
{[%clk 1:15:05]} 23. Qd2 {[%clk 1:02:56]} f6 {[%clk 1:10:06]} 24. Ne2
{[%clk 1:02:12]} fxe5 {[%clk 1:08:59]} 25. Bxe5 {[%clk 1:02:36]} Bf6
{[%clk 1:08:51]} 26. Qc3 {[%clk 1:02:23]} Bxe5 {[%clk 1:06:15]} 27. Qxe5
{[%clk 1:02:45]} Rfe8 {[%clk 1:04:58]} 28. Qc3 {[%clk 0:55:08]} Rc8
{[%clk 1:00:57]} 29. Ng3 {[%clk 0:53:17]} Nc5 {[%clk 0:56:25]} 30. Qd4
{[%clk 0:49:24]} Qe7 {[%clk 0:54:10]} 31. b4 {[%clk 0:44:01]} Ne4
{[%clk 0:49:24]} 32. Nh5 {[%clk 0:41:05]} Nd6 {[%clk 0:44:41]} 33. Rxc6
{[%clk 0:40:06]} Be4 {[%clk 0:41:04]} 34. Bxe4 {[%clk 0:38:23]} Nxe4
{[%clk 0:40:20]} 35. Qxd5+ {[%clk 0:38:38]} Kh8 {[%clk 0:39:41]} 36. Rxc8 Rxc8
{[%clk 0:40:04]} 37. Nf4 {[%clk 0:35:10]} Qxb4 {[%clk 0:38:10]} 38. Ng6+
{[%clk 0:30:27]} Kh7 {[%clk 0:37:16]} 39. Qf5 {[%clk 0:30:51]} Rc5
{[%clk 0:37:01]} 40. Ne5+ {[%clk 0:27:37]} Kh8 1-0

[Event "escc2023_65"]
[Site "?"]
[Date "2023.05.30"]
[Round "5.24"]
[White "Colombo, Alberto"]
[Black "Broeder, Hans-Gert"]
[Result "0-1"]
[BlackElo "1728"]
[WhiteElo "1968"]
[LiveChessVersion "1.4.8"]

1. d4 {[%clk 1:30:12]} d5 {[%clk 1:30:59]} 2. Nf3 {[%clk 1:30:35]} Nf6
{[%clk 1:31:16]} 3. Nbd2 {[%clk 1:30:41]} Bg4 {[%clk 1:28:51]} 4. b3
{[%clk 1:29:28]} e6 {[%clk 1:27:53]} 5. Bb2 {[%clk 1:29:21]} Nbd7
{[%clk 1:25:13]} 6. e3 {[%clk 1:27:02]} Ne4 {[%clk 1:22:09]} 7. Qc1
{[%clk 1:19:27]} Nxd2 {[%clk 1:18:09]} 8. Nxd2 {[%clk 1:18:57]} f5
{[%clk 1:14:58]} 9. g3 {[%clk 1:16:09]} Bb4 {[%clk 1:12:28]} 10. c3
{[%clk 1:15:47]} Bd6 {[%clk 1:12:46]} 11. Bg2 {[%clk 1:16:06]} c6
{[%clk 1:08:26]} 12. c4 {[%clk 1:16:06]} Rc8 {[%clk 1:07:55]} 13. f3
{[%clk 1:15:36]} Bh5 {[%clk 1:07:44]} 14. O-O {[%clk 1:14:21]} O-O
{[%clk 1:06:08]} 15. Qe1 {[%clk 1:07:00]} Bg6 {[%clk 1:00:14]} 16. e4
{[%clk 0:59:40]} fxe4 {[%clk 0:52:47]} 17. fxe4 {[%clk 0:59:32]} Rxf1+
{[%clk 0:48:22]} 18. Nxf1 {[%clk 0:58:06]} dxc4 {[%clk 0:47:16]} 19. bxc4
{[%clk 0:53:18]} Qe7 {[%clk 0:40:52]} 20. e5 {[%clk 0:48:23]} Bb4
{[%clk 0:37:28]} 21. Qe2 {[%clk 0:46:29]} Ba5 {[%clk 0:35:13]} 22. Rd1
{[%clk 0:40:01]} Nb8 {[%clk 0:28:46]} 23. Kh1 Bf7 24. Ne3 {[%clk 0:34:53]} Rd8
{[%clk 0:21:44]} 25. Be4 {[%clk 0:32:36]} Bb6 {[%clk 0:17:39]} 26. Qc2
{[%clk 0:23:43]} h6 {[%clk 0:17:36]} 27. Qc3 {[%clk 0:17:55]} Qg5
{[%clk 0:16:29]} 28. Kg2 {[%clk 0:16:51]} Bg6 {[%clk 0:15:44]} 29. Qd3
{[%clk 0:16:47]} Bxe4+ {[%clk 0:15:29]} 30. Qxe4 {[%clk 0:17:06]} Na6
{[%clk 0:15:08]} 31. h4 {[%clk 0:14:25]} Qh5 {[%clk 0:14:54]} 32. Rd2
{[%clk 0:14:07]} Nc7 {[%clk 0:14:03]} 33. Qg4 {[%clk 0:11:54]} Qxg4
{[%clk 0:13:50]} 34. Nxg4 {[%clk 0:12:18]} h5 {[%clk 0:13:53]} 35. Nf2
{[%clk 0:12:14]} c5 {[%clk 0:12:25]} 36. Ne4 {[%clk 0:11:38]} cxd4
{[%clk 0:11:56]} 37. Nd6 {[%clk 0:11:06]} Ne8 {[%clk 0:11:39]} 38. Nxb7
{[%clk 0:10:06]} Rd7 {[%clk 0:06:54]} 39. c5 {[%clk 0:09:54]} Rxb7
{[%clk 0:06:32]} 40. cxb6 {[%clk 0:09:57]} Rxb6 {[%clk 0:01:34]} 41. Bxd4
{[%clk 0:09:12]} Ra6 {[%clk 0:00:51]} 42. Rc2 {[%clk 0:07:23]} Ra4
{[%clk 0:24:44]} 43. Be3 {[%clk 0:37:22]} a6 {[%clk 0:24:16]} 44. Kf3
{[%clk 0:36:44]} g6 {[%clk 0:22:52]} 45. Bh6 {[%clk 0:29:21]} Ra3+
{[%clk 0:20:58]} 46. Kf4 {[%clk 0:29:13]} Ra4+ {[%clk 0:20:55]} 47. Kf3
{[%clk 0:29:31]} Ra3+ {[%clk 0:21:23]} 48. Kg2 {[%clk 0:29:51]} Ng7
{[%clk 0:16:38]} 49. Rc8+ {[%clk 0:26:12]} Kh7 {[%clk 0:17:00]} 50. Bxg7
{[%clk 0:25:13]} Kxg7 {[%clk 0:17:23]} 51. Rc7+ {[%clk 0:23:18]} Kf8
{[%clk 0:16:45]} 52. Rc2 {[%clk 0:23:31]} Re3 {[%clk 0:16:13]} 53. Rc6
{[%clk 0:22:32]} Re2+ {[%clk 0:16:36]} 54. Kf3 {[%clk 0:21:39]} Rxa2
{[%clk 0:17:04]} 55. Rxe6 {[%clk 0:21:36]} Kf7 {[%clk 0:17:08]} 56. Rf6+
{[%clk 0:21:24]} Kg7 {[%clk 0:17:35]} 57. Rb6 {[%clk 0:21:06]} Ra4
{[%clk 0:15:10]} 58. Rb7+ {[%clk 0:20:27]} Kf8 {[%clk 0:15:37]} 59. Ra7
{[%clk 0:19:52]} Kg8 {[%clk 0:14:20]} 60. e6 {[%clk 0:18:03]} Kf8
{[%clk 0:13:33]} 61. Ke3 {[%clk 0:16:21]} a5 {[%clk 0:10:41]} 62. Kf3
{[%clk 0:14:26]} Ra1 {[%clk 0:09:31]} 63. Kf4 {[%clk 0:14:26]} a4
{[%clk 0:09:08]} 64. Kg5 {[%clk 0:13:34]} Rg1 {[%clk 0:08:10]} 65. Kf6
{[%clk 0:13:27]} Rf1+ {[%clk 0:08:27]} 66. Kxg6 {[%clk 0:13:41]} Rg1
{[%clk 0:06:49]} 67. Rxa4 {[%clk 0:08:13]} Rxg3+ {[%clk 0:07:15]} 68. Kxh5
{[%clk 0:07:18]} Ke7 {[%clk 0:07:33]} 69. Re4 {[%clk 0:07:18]} Rg8
{[%clk 0:05:33]} 70. Kh6 {[%clk 0:07:13]} Kf6 {[%clk 0:05:36]} 71. Kh7
{[%clk 0:06:51]} Rg7+ {[%clk 0:04:18]} 72. Kh8 {[%clk 0:06:41]} Re7
{[%clk 0:04:21]} 73. Re2 {[%clk 0:03:52]} Kg6 {[%clk 0:04:12]} 74. Rg2+
{[%clk 0:02:58]} Kh6 {[%clk 0:03:51]} 75. Kg8 {[%clk 0:02:38]} Rxe6
{[%clk 0:04:10]} 76. Kf7 {[%clk 0:03:06]} Ra6 {[%clk 0:03:45]} 77. Rg8
{[%clk 0:02:36]} Ra7+ {[%clk 0:04:12]} 78. Kf6 {[%clk 0:03:01]} Ra6+
{[%clk 0:04:19]} 79. Kf5 {[%clk 0:03:04]} Ra5+ {[%clk 0:04:47]} 80. Kg4
{[%clk 0:02:46]} Ra4+ {[%clk 0:05:12]} 81. Kg3 {[%clk 0:02:45]} Ra3+
{[%clk 0:05:40]} 0-1